Nutritional biochemistry
Guardat en:
| Autor principal: | |
|---|---|
| Format: | Llibre |
| Idioma: | anglès |
| Publicat: |
CBS Publishers
2017
|
| Etiquetes: |
Afegir etiqueta
Sense etiquetes, Sigues el primer a etiquetar aquest registre!
|
MARC
| LEADER | 00000nam a22000007a 4500 | ||
|---|---|---|---|
| 008 | 240828b |||||||| |||| 00| 0 eng d | ||
| 020 | |a 9788123925271 | ||
| 100 | |a SHARMA, DC. | ||
| 245 | |a Nutritional biochemistry |c /DC Sharma and Devanshi Sharma |g x, 178p.: ill | ||
| 260 | |b CBS Publishers |c 2017 |h New Delhi |i 699681 |i 699682 |l QP141.Sh1 |m Nutrition |m Biochemistry |m Nutrition disorders- India | ||
| 500 | |a it includes index | ||
| 942 | |a lcc |c BK |e Johnson |f 28/08/24 | ||
| 952 | |0 0 |1 0 |2 lcc |4 0 |6 QP0141 S H1 |7 0 |9 5532 |a SL |b HOL |c QZ |d 2024-08-28 |l 0 |o QP141.Sh1 |p 2024-0772 |r 2024-08-28 00:00:00 |t 699681 |w 2024-08-28 |y BK | ||
| 952 | |0 0 |1 0 |2 lcc |4 0 |6 QP0141 S H1 |7 0 |9 5533 |a HOL |b HOL |c QZ |d 2024-08-28 |l 0 |o QP141.Sh1 |r 2024-08-28 00:00:00 |t 699682 |w 2024-08-28 |y BK | ||
| 999 | |c 2732 |d 2732 | ||